| Record ID | marc_records_scriblio_net/part05.dat:97273427:589 |
| Source | Scriblio |
| Download Link | /show-records/marc_records_scriblio_net/part05.dat:97273427:589?format=raw |
LEADER: 00589cam 22002051 4500
001 64015584
003 DLC
005 20041108145332.0
008 750606s1964 nyu 000 1 eng
010 $a 64015584
035 $a(OCoLC)1377529
040 $aDLC$cFO$dOCoLC$dDLC
050 00 $aPZ3.L165$bCu$aPS3523.A4235
100 1 $aLamb, Harold,$d1892-1962.
245 14 $aThe curved saber:$bthe adventures of Khlit the Cossack.
250 $a[1st ed.]
260 $aGarden City, N.Y.,$bDoubleday,$c1964
300 $a568 p.$c22 cm.
650 0 $aCossacks$vFiction.
655 7 $aAdventure fiction.$2gsafd